Normal view
MARC view
Entry Personal Name
001 - CONTROL NUMBER
- control field: 57155
003 - CONTROL NUMBER IDENTIFIER
- control field: dpl
005 - DATE AND TIME OF LATEST TRANSACTION
- control field: 20230920160402.0
008 - FIXED-LENGTH DATA ELEMENTS
- fixed length control field: 230920|| aca||aabn | a|a d
040 ## - CATALOGING SOURCE
- Original cataloging agency: dpl
- Transcribing agency: dpl
100 ## - HEADING--PERSONAL NAME
- Personal name: صبیحہ بانو
670 ## - SOURCE DATA FOUND
- Source citation: Work cat.: (dpl)198476: صبیحہ بانو, سر سید احمد خان کے مضامینو مقالات کا توضیحی اشاریہ /, 2022 ء
